000 00653nam a2200277Ia 4500
005 20260324144333.0
008 008 260324s9999 xx 000 0 eng d
020 _a9781003079323
037 _aEBOOK
040 _aCRL
040 _beng
040 _cCRL
041 _2eng
041 _aeng
084 _qCRL
100 _aJorge Rabassa
_91058237
245 0 _aQuaternary of South America and Antarctic Peninsula
260 _bTaylor and Francis
260 _c1988
365 _a
365 _b275
856 _uhttp://www.taylorfrancis.com/books/9781003079323
942 _cEBOOK
999 _c1825444
_d1825444